00436nam a2200145Ia 4500082002800000100001500028245003200043260004700075300001300122650004300135650003700178650004000215650001700255700001800272 a636.0095483 GEO-L SL1 aNair, K.N. 0aLivestock economy of Kerala aTrivandrumbCentre for Development studies avii, 189 aDairy cattlevEconomic aspectsvKerala aCattlevEconomic aspectsvKerala aLivestockvEconomic aspectsvKerala aMilch cattle aGeorge , P.S.